Online
Catalog

Turismo internacional : (Record no. 2541)

MARC details
000 -CABECERA
campo de control de longitud fija 00860nam a2200229 u 4500
001 - NÚMERO DE CONTROL
campo de control 000002705
005 - FECHA Y HORA DE LA ÚLTIMA TRANSACCIÓN
campo de control 20241007115234.0
008 - DATOS DE LONGITUD FIJA--INFORMACIÓN GENERAL
campo de control de longitud fija 090703s1995 dr a 000 0 spa d
040 ## - FUENTE DE LA CATALOGACIÓN
Centro catalogador/agencia de origen DO-SdBNP
Lengua de catalogación spa
Centro/agencia transcriptor BNPHU
082 ## - NÚMERO DE LA CLASIFICACIÓN DECIMAL DEWEY
Número de clasificación 338.4791
Número de documento/Ítem P438t, 1995
100 1# - ENTRADA PRINCIPAL--NOMBRE DE PERSONA
Nombre de persona Pérez Alvarado, Jorge Luis
9 (RLIN) 8539
245 10 - MENCIÓN DE TÍTULO
Título Turismo internacional :
Resto del título manual /
Mención de responsabilidad, etc. Jorge Luis Pérez Alvarado ; prólogo Adriano de la Cruz.
260 ## - PUBLICACIÓN, DISTRIBUCIÓN, ETC.
Lugar de publicación, distribución, etc. Santo Domingo :
Nombre del editor, distribuidor, etc. Española,
Fecha de publicación, distribución, etc. 1995.
300 ## - DESCRIPCIÓN FÍSICA
Extensión 226p. :
Otras características físicas il. ;
Dimensiones 21 cm.
504 ## - NOTA DE BIBLIOGRAFÍA, ETC.
Nota de bibliografía, etc. Bibliografía : p. 223-226
500 ## - NOTA GENERAL
Nota general Incluye lista de organizaciones no gubernamentales dedicadas a la conservación y/o defensa del medio ambiente
590 ## - NOTA LOCAL (RLIN)
Nota local Inventariado, 2018/DG
650 #0 - PUNTO DE ACCESO ADICIONAL DE MATERIA--TÉRMINO DE MATERIA
Término de materia o nombre geográfico como elemento de entrada Turismo
9 (RLIN) 2632
650 #4 - PUNTO DE ACCESO ADICIONAL DE MATERIA--TÉRMINO DE MATERIA
Término de materia o nombre geográfico como elemento de entrada Comercio turístico
9 (RLIN) 8540
700 12 - PUNTO DE ACCESO ADICIONAL--NOMBRE DE PERSONA
Nombre de persona Cruz, Adriano de la
Término indicativo de función/relación pról.
9 (RLIN) 7194
910 ## - DATOS DE OPCIÓN DEL USUARIO (OCLC)
Datos de opción del usuario Validado. Control de calidad MFF
Holdings
Estado de retiro Estado de pérdida No para préstamo Código de colección Localización permanente Ubicación/localización actual Ubicación en estantería Fecha de adquisición Número de inventario Total de préstamos Signatura topográfica completa Código de barras Fecha visto por última vez Precio válido a partir de Tipo de ítem Koha Restricciones de uso Número de copia
    Excluido de préstamo Patrimonio Dominicano Patrimonio Dominicano Patrimonio Dominicano Depósito 24.08.2009 LF1   338.4791 P438t, 1995 2705-10 25.06.2020 25.06.2020 Libro y Folleto Colección Patrimonio Dominicano    
      Dominicana de Servicio Patrimonio Dominicano Patrimonio Dominicano Depósito 24.04.2013 LF1   338.4791 P438t, 1995 2705-100 25.06.2020 25.06.2020 Libro y Folleto Colección Dominicana de Servicio   e. 5
    Excluido de préstamo Patrimonio Dominicano Patrimonio Dominicano Patrimonio Dominicano Depósito 24.08.2009 LF1   338.4791 P438t, 1995 2705-20 25.06.2020 25.06.2020 Libro y Folleto Colección Patrimonio Dominicano   e. 2
      Dominicana de Servicio Patrimonio Dominicano Patrimonio Dominicano Depósito 24.08.2009 LF1   338.4791 P438t, 1995 2705-30 25.06.2020 25.06.2020 Libro y Folleto Colección Dominicana de Servicio   e. 3
      Dominicana de Servicio Patrimonio Dominicano Patrimonio Dominicano Depósito 24.04.2013 LF1   338.4791 P438t, 1995 2705-90 25.06.2020 25.06.2020 Libro y Folleto Colección Dominicana de Servicio   e. 4

Powered by Koha